000
00321nam a2200157Ia 4500
100
_a
Rajkamal
650
_a
Embedded
942
_c
BK
366
_f
25
245
_a
Embedded systems
260
_b
Tata Mc Graw hill Ltd.
_c
2008
082
_a
3.3
_b
RAJ
300
_a
681
546
_a
ENGLISH
_c
PAMPHALETS
999
_c
22767
_d
22767